000 00468nam a2200169Ia 4500
999 _c14103
_d14103
003 OSt
005 20201105133847.0
008 190216s9999||||xx |||||||||||||| ||und||
040 _coclc
082 _a820
_bPAR/H
100 _aParappurathu
_96301
245 0 _aHouse Unfinished /
_cParappurathu
260 _bKerala Sahitya Academi,
_c1981.
_aTrichur:
300 _a178p
650 _aEnglish Novel
942 _cBK
_2ddc
_h820
_iPAR/H
_k820
_mPAR/H